Muhammad (S.A.W): As a Military Leader (Record no. 7792)

000 -LEADER
fixed length control field 00412 a2200145 4500
040 ## - CATALOGING SOURCE
Original cataloging agency DLC
Language of cataloging DLC
082 ## - DEWEY DECIMAL CLASSIFICATION NUMBER
Classification number 297.63
100 ## - MAIN ENTRY--PERSONAL NAME
Personal name Afal-ur-Rahman
245 ## - TITLE STATEMENT
Title Muhammad (S.A.W): As a Military Leader
Statement of responsibility, etc. Afal-ur-Rahman
260 ## - PUBLICATION, DISTRIBUTION, ETC.
Place of publication, distribution, etc. Lahore:
Name of publisher, distributor, etc. Islamic Publications (Pvt) Ltd.,
Date of publication, distribution, etc. 1998.
300 ## - PHYSICAL DESCRIPTION
Extent 314 p. ;
Dimensions 24 cm.
500 ## - GENERAL NOTE
General note Includes Index
650 ## - SUBJECT ADDED ENTRY--TOPICAL TERM
Topical term or geographic name entry element Muhammad (S.A.W.), Prophet.
942 ## - ADDED ENTRY ELEMENTS (KOHA)
Koha item type Book
Call number prefix 297.63 AFZ
Source of classification or shelving scheme
Holdings
Withdrawn status Lost status Damaged status Not for loan Collection code Permanent Location Current Location Shelving location Date acquired Source of acquisition Cost, normal purchase price Total Checkouts Full call number Barcode Date last seen Price effective from Koha item type
          Central Library (CL) Central Library (CL) General Stacks 06/19/2004 Saeed Book Bank 114.75   297.63 AFZ SEECS004615 11/14/2012 01/05/2017 Book
© 2023 Central Library, National University of Sciences and Technology. All Rights Reserved.